| 000 | 00908nam a2200277 a 4500 | ||
|---|---|---|---|
| 999 |
_c12322 _d12322 |
||
| 001 | 1045382 | ||
| 003 | INP | ||
| 005 | 20260622100038.0 | ||
| 008 | 890921s1985 enkab||fr 001 0 eng d | ||
| 020 | _a0709920555 | ||
| 040 |
_aEG-INB _cEG-INB _beng |
||
| 082 | 0 | 4 |
_221 _a307 _bR U |
| 100 | 1 | _a.Potter, Robert B. | |
| 245 | 1 | 0 |
_aUrbanisation and planning in the 3rd world : _bspatial perceptions and public participation / _cRobert B. Potter. |
| 260 |
_aLondon : _bCroom Helm, _c1985. |
||
| 300 |
_a284 p. : _bill. ; _c24 cm. |
||
| 440 | 0 | _aCroom Helm series in geography and environment. | |
| 504 | _aIncludes bibliographical references and index. | ||
| 650 | 0 |
_aCity planning _zDeveloping countries _xCitizen participation. |
|
| 650 | 0 |
_aUrbanization _zDeveloping countries. |
|
| 650 | 0 |
_aSpace perception. _93085 |
|
| 901 | _aEGPV19 | ||
| 902 | _aEGPV20 | ||
| 903 | _acopycat | ||